Softvérová podpora predmetu moderné materiály pre elektrotechniku
Guardado en:
| Autor principal: | |
|---|---|
| Otros Autores: | |
| Formato: | Manuscrito Libro |
| Lenguaje: | eslovaco |
| Publicado: |
Bratislava :
STU v Bratislave FEI,
2023
|
| Materias: | |
| Acceso en línea: | https://opac.crzp.sk/?fn=detailBiblioFormChildE8J9E&sid=925BFB95FAA30F229E91CE019F0C&seo=CRZP-detail-kniha |
| Etiquetas: |
Sin Etiquetas, Sea el primero en etiquetar este registro!
|
MARC
| LEADER | 00000ntm a22000003a 4500 | ||
|---|---|---|---|
| 001 | stuzp91229 | ||
| 003 | SK-STU | ||
| 005 | 20241118105244.1 | ||
| 007 | ta | ||
| 008 | 150427s2015----xo-----f-mn---000-0-slo-d | ||
| 040 | |a STU |b slo | ||
| 041 | 0 | |a slo | |
| 044 | |a xo | ||
| 100 | 1 | |a Múčka, Matej |u 034000 |4 aut |U FEI Fakulta elektrotechniky a informatiky |T FEI Ústav elektrotechniky |X 111053 |U E040 |Y 550 |7 111053 | |
| 242 | 0 | 1 | |a Software support of modern materials for electrical engineering subject |y eng |
| 245 | 1 | 0 | |a Softvérová podpora predmetu moderné materiály pre elektrotechniku |
| 260 | |a Bratislava : |b STU v Bratislave FEI, |c 2023 | ||
| 300 | |a 48 s. | ||
| 650 | 4 | |a Python |2 slo | |
| 650 | 4 | |a náhradný ekvivalentný obvod |2 slo | |
| 650 | 4 | |a impedancia |2 slo | |
| 650 | 4 | |a equivalent circuit analysis |2 eng | |
| 650 | 4 | |a impedance |2 eng | |
| 650 | 4 | |a Python |2 eng | |
| 700 | 1 | |a Dosoudil, Rastislav |u 034000 |k Z1 |4 ths |U FEI Fakulta elektrotechniky a informatiky |T FEI Ústav elektrotechniky |X 1976 |U E040 |Y 550 |7 A000001976 | |
| 856 | 4 | |u https://opac.crzp.sk/?fn=detailBiblioFormChildE8J9E&sid=925BFB95FAA30F229E91CE019F0C&seo=CRZP-detail-kniha | |